| 000 | 00756nac a22002291i 4500 | ||
|---|---|---|---|
| 003 | EG-ScBUE | ||
| 005 | 20240627085357.0 | ||
| 008 | 240627s1960 ua a f 000 0 eng d | ||
| 040 |
_aEG-ScBUE _beng _erda _cEG-ScBUE _dEG-ScBUE |
||
| 043 |
_af-ae--- _af-cm--- |
||
| 082 | 0 | 4 |
_a967.1102 _222 _bFRO |
| 245 | 0 | 0 | _aFrom Algeria to the Kamerun. |
| 264 | 1 |
_aCairo : _bForeign Delegation of the Union of the Populations of the Cameroons (U.P.C.), _c[1960] |
|
| 300 |
_a25 pages : _billustrations ; _c20 cm |
||
| 336 |
_2rdacontent _atext _btxt |
||
| 337 |
_aunmediated _2rdamedia _bn |
||
| 338 |
_avolume _bnc _2rdacarrier |
||
| 651 | 7 |
_aCameroon _xColonization. _2BUEsh |
|
| 655 | _vReading book | ||
| 942 |
_cBB _2ddc |
||
| 999 |
_c3641 _d3641 |
||